Mazmun : / مضمون (Record no. 27124)

MARC details
000 -LEADER
fixed length control field 00480nam a22001817a 4500
003 - CONTROL NUMBER IDENTIFIER
control field BDDh-ASL
005 - DATE AND TIME OF LATEST TRANSACTION
control field 20231015030728.0
008 - FIXED-LENGTH DATA ELEMENTS--GENERAL INFORMATION
fixed length control field 211025s1893 ii ||||| |||| 00| 0 u d
040 ## - CATALOGING SOURCE
Original cataloging agency BDDh-ASL
Transcribing agency BDDh-ASL
082 ## - DEWEY DECIMAL CLASSIFICATION NUMBER
Classification number 297.3
Item number ARM
100 1# - MAIN ENTRY--PERSONAL NAME
9 (RLIN) 5402
Personal name Arnold, T.W
245 10 - TITLE STATEMENT
Title Mazmun : / مضمون
260 ## - PUBLICATION, DISTRIBUTION, ETC.
Place of publication, distribution, etc. Agra :
Name of publisher, distributor, etc. Mufide Aam Press ,
Date of publication, distribution, etc. 1893.
300 ## - PHYSICAL DESCRIPTION
Extent 34 p. :
Dimensions 24 cm.
650 #0 - SUBJECT ADDED ENTRY--TOPICAL TERM
9 (RLIN) 1652
Topical term or geographic name entry element Islam
700 1# - ADDED ENTRY--PERSONAL NAME
9 (RLIN) 5054
Personal name Enayetullah, Mohammad
942 ## - ADDED ENTRY ELEMENTS (KOHA)
Source of classification or shelving scheme Dewey Decimal Classification
Koha item type Books
Holdings
Withdrawn status Lost status Source of classification or shelving scheme Damaged status Not for loan Collection code Home library Current library Shelving location Date acquired Source of acquisition Serial Enumeration / chronology Total Checkouts Full call number Barcode Date last seen Copy number Price effective from Koha item type
    Dewey Decimal Classification     Non-fiction Asiatic Society Library Asiatic Society Library General Stacks 10/25/2021 ASB Library Collection U-0564   297.3 ARM 113208 10/25/2021 C-1 10/25/2021 Books

Powered by Koha